000 00711nam a2200229 i 4500
001 C2-0324418
003 PPAK
005 20180728122800.0
008 131212s2008 nyua|||| ||||| | eng d
020 _a9780465018017
040 _aPPAK
_beng
_cPPAK
_erda
082 0 4 _a321.73
_223
090 0 0 _a321.73
_bBRZ
_dLCK
100 1 _aBrzezinski,Scowcroft,
_eauthor
245 1 0 _aAmerican And The World :
_bconversations on the future of american foreign policy
264 1 _aNew York :
_bA Member of the Perseus book Group ,
_c2008
300 _a(vii),291 pages :
_billustrations ;
_c22 cm
336 _2rdacontent
_atext
337 _2rdamedia
_aunmediated
338 _2rdacarrier
_avolume
942 _ddc
_cB
999 _c124388
_d124388